La Catedral

保存先:
書誌詳細
第一著者: Blasco Ibáñez, Vicente
フォーマット: 図書
言語:Undetermined
出版事項: Valencia, España Prometeo 1903
主題:
タグ: タグ追加
タグなし, このレコードへの初めてのタグを付けませんか!

MARC

LEADER 00000nam a2200000Ia 4500
008 170316s9999 xx 000 0 und d
040 |a cru BVZT 
090 |a 862 B-17c 
100 |a Blasco Ibáñez, Vicente 
245 |a La Catedral 
260 |a Valencia, España 
260 |b Prometeo 
260 |c 1903 
300 |a 340 páginas 
650 |a LITERATURA ESPAÑOLA 
999 |c 9520  |d 9520 
942 |c 15 D  |h 862 B-17c  |2 z